Globalizácia trhov strednej a východnej Európy
Vývoj súčasnej svetovej ekonomiky. Globalizácia svetových trhov. Rozvoj globálnych podnikov. Ekonomická internacionalizácia vytvorila konkurenčné prostredie i na miestnych trhoch strednej a východnej Európy. Dohoda o vytvorení zóny voľného obchodu v oblasti strednej Európy.
Na minha lista:
| Autor principal: | |
|---|---|
| Formato: | Capítulo de Livro |
| Idioma: | eslovaco |
| Assuntos: | |
| Tags: |
Sem tags, seja o primeiro a adicionar uma tag!
|
MARC
| LEADER | 00000naa a2200000 4500 | ||
|---|---|---|---|
| 001 | r034817 | ||
| 005 | 20230607101619.8 | ||
| 041 | 0 | |a slo | |
| 044 | |a CZ | ||
| 245 | 1 | 0 | |a Globalizácia trhov strednej a východnej Európy |c Agáta Ďurkovičová |
| 520 | |a Vývoj súčasnej svetovej ekonomiky. Globalizácia svetových trhov. Rozvoj globálnych podnikov. Ekonomická internacionalizácia vytvorila konkurenčné prostredie i na miestnych trhoch strednej a východnej Európy. Dohoda o vytvorení zóny voľného obchodu v oblasti strednej Európy. | ||
| 610 | 2 | 0 | |a globalizácia |
| 610 | 2 | 0 | |a trh svetový |
| 610 | 2 | 0 | |a SVE |
| 610 | 2 | 0 | |a marketing medzinárodný |
| 610 | 2 | 0 | |a oblasti obchodu voľného |
| 610 | 2 | 0 | |a investície zahraničné |
| 610 | 2 | 0 | |a vývoj hospodársky |
| 610 | 2 | 0 | |a CEFTA |
| 100 | 1 | |a Ďurkovičová, Agáta | |